zpět

Detail výsledku týmu

Hospoda U Stolínů, Nový Bydžov

Datum a čas kvízu

37 Celkem bodů Celkový počet nahraných bodů na tomto kvízu bez doplňovacích otázek.
1. Pořadí na kvízu Konečné umístění týmu na tomto kvízu.

Zaznamenané odpovědi

# Otázka Odpověď Body Výsledky
1. Pro záslužný čin se rozhodlo v... z Běloruska 0
2. Syn jednoho amerického politik... Donald Trump (mladší) 1
3. V pondělí spustila Prima nový... Prima Show 1
4. Současný trhák streamovací tel... Squid 1
5. Polský fotbalový klub z nižší... B 0
6. Pojďme se společně chvíli troc... Casper 1
7. I v nevinně vypadajících hračk... Annabelle 1
8. Máloco člověku způsobilo takov... A) Doktor spánek 1
9. Dokážete správně přiřadit tyto... 1C 2A 3B 4D 1
10. Bílá paní je nejen nadpřirozen... gin 1